LIBRARY & INFORMATION CENTRE, KCAET, TAVANUR

ONLINE PUBLIC ACCESS CATALOGUE (OPAC)

Kumaranasan : Chila smaranakal / (Record no. 460)

MARC details
000 -LEADER
fixed length control field 00430cam a2200169ua 4500
041 ## - LANGUAGE CODE
Language code of text/sound track or separate title mal
082 ## - DEWEY DECIMAL CLASSIFICATION NUMBER
Classification number 894.812 803
Item number SAD/KU
100 ## - MAIN ENTRY--AUTHOR NAME
Personal name Sadasivan, P .
245 ## - TITLE STATEMENT
Title Kumaranasan : Chila smaranakal /
260 ## - PUBLICATION, DISTRIBUTION, ETC. (IMPRINT)
Place of publication Thiruvananthapuram :
Name of publisher Kerala Press ,
Year of publication 1951.
300 ## - PHYSICAL DESCRIPTION
Number of Pages 115 ; .
942 ## - ADDED ENTRY ELEMENTS (KOHA)
Koha item type Books
Holdings
Withdrawn status Lost status Damaged status Home library Current library Date acquired Full call number Accession Number Koha item type
Withdrawn     KAUAET Malayalam University 07/04/2012 894.812 803 131 Books
free website counter